Pedagogy of Social Sciences/ (Record no. 178617)

MARC details
000 -LEADER
fixed length control field 00964nam a22002657a 4500
005 - DATE AND TIME OF LATEST TRANSACTION
control field 20231219123018.0
010 ## - LCCN (DPL NO)
LC control number ENG-129399 ENG-138604
020 ## - INTERNATIONAL STANDARD BOOK NUMBER
Terms of availability 250.00
International Standard Book Number 978-93-88016-92-6
020 ## - INTERNATIONAL STANDARD BOOK NUMBER
Terms of availability 995.00
International Standard Book Number 9789389740325
035 ## - SYSTEM CONTROL NUMBER
System control number EN-112931
035 ## - SYSTEM CONTROL NUMBER
System control number EN-122136
037 ## - SOURCE OF ACQUISITION
Source of stock number/acquisition DBAD/PUB
082 ## - DEWEY DECIMAL CLASSIFICATION NUMBER
Classification number 300.71
Edition number 1
100 ## - MAIN ENTRY--PERSONAL NAME
Personal name K. C. Shankaraiah
245 ## - TITLE STATEMENT
Title Pedagogy of Social Sciences/
Remainder of title By K. C. Shankaraiah, A. Srinivasa Murthy and Elisha Kolluri
250 ## - EDITION STATEMENT
Edition statement 1
260 ## - PUBLICATION, DISTRIBUTION, ETC. (IMPRINT)
Place of publication, distribution, etc New Delhi
Name of publisher, distributor, etc Neelkamal Publications
Date of publication, distribution, etc 2020
270 ## - ADDRESS
Address 4764/1, 23, Ansari Road, Daryaganj
City New Delhi
Postal code 110002
Telephone number 011-23244237
-- 9811828953
Electronic mail address neelkamalbooks@gmail.com
300 ## - PHYSICAL DESCRIPTION
Extent xi+260p.
Dimensions 24cm(pbk)
Other physical details illustrations
300 ## - PHYSICAL DESCRIPTION
Extent xi,265p.
Dimensions 24cm(Hbk)
Other physical details illustrations
500 ## - GENERAL NOTE
General note including bibliographical references
700 ## - ADDED ENTRY--PERSONAL NAME
Personal name Murthy, A. Srinivasa
Relator term Author
9 (RLIN) 59937
700 ## - ADDED ENTRY--PERSONAL NAME
Personal name Elisha Kolluri
Relator term Author
9 (RLIN) 59938
942 ## - ADDED ENTRY ELEMENTS (KOHA)
Source of classification or shelving scheme Dewey Decimal Classification
Item type English Books
Classification part 300.71
Call number suffix SHA
Holdings
Withdrawn status Lost status Not for loan Collection code Home library Current library Date acquired Source of acquisition Cost, normal purchase price Full call number Barcode Copy number Cost, replacement price Koha item type
      Non-fiction Bawana Bawana 08/04/2021 DBAD/PUB 250.00 300 KCS EN-112931 1 250.00 English Books
      Non-fiction Central Library Central Library 19/12/2023 DBAD 995.00 300.71 SHA EN-122136 1 995.00 English Books

© Delhi Public Library
Hit Counter
free hit counter